000 00783nam a2200253Ia 4500
003 OSt
005 20220923215603.0
006 a|||||r|||| 00| 0
007 ta
008 220922b |||||||| |||| 00| 0 hin d
024 _a180,051
037 _cTextual
040 _aARTS
_cARTS
_bhin
041 _2hin
_ahin
082 _aO152,1J58:g, M5
100 _aझारी, कृष्णदेव
_9156272
245 0 _aरसखान
246 _aRasakhāna
260 _aदिल्ली
_b इतिहास शोध संस्थान
_c1985
300 _a91 पृ.
_ccm.
650 _aहिन्दी साहित्य
_9156264
942 _hO152,1J58:g, M5
_cTEXL
_2CC
999 _c333432
_d333432